00449 2200169 4500245006700000020002200067250001100089100001800100650002700118650001800145005001900163260004100182041001400223084001100237300002200248336000900270 aWhat’s So Wrong About Your Self HealingcArdhi MohamadhText a978-623-97002-1-8 aCet. 1 aArdhi Mohamad aPsikologi Perkembangan aMotivasi Diri a20231013095911 aJakartabAlvi Ardhi Publishingc2022 aIndonesia a155.25 a276 hlm. 18 cm. : atext